00467nam a2200109Ia 4500008004100000050002400041100002500065245013700090260008600227300002100313521002300334140724s9999 xx 000 0 und d aP 91.3b.Al325 2007 aAlba, Marsha Jane A. aFactors affecting the perception and appreciation of select mass communication students on independent films /cMarsha Jane A. Alba. aLas Piñas, Philippines :bSouthville International School and Colleges,cc2007. a102 p. :c28 cm. aMass Communication